00738cam a2200229 a 4500001000800000005001700008008004100025010001700066020001500083040001800098041000800116080001700124082002100141100000700162101000800169245008500177504005600262906004500318942001200363999001700375952011600392401467020180309075458.0970131s1997 enk b 000 0 eng  a 97003800  a0340596627 aDLCcDLCdDLC aeng a305.4201 AND00a305.4201 AND2211 a50 aSOC12aA glossary of feminist theory /cSonya Andermahr, Terry Lovell, Carol Wolkowitz. aIncludes bibliographical references (p. [295]-351). a7bcbccorignewd1eocipf19gy-gencatlg 2ddccBK c44602d44602 00102udc40708PËKGa002b002cPËKGd2018-03-09l0o305.4201 ANDp002-3001477r2018-03-09w2018-03-09yBK